Hurricanes & tornadoes

Bibliographic Details
Main Author: Morris,Neil
Format: Book
Published: UK : Snapping-turtle guides , 2003
Subjects:

MARC

LEADER 00000cam a2200000 7i4500
001 0000007530
005 20151222.0
008 070903
020 |a 1860075045 
090 0 0 |a SC   |b ENG 
100 1 |a Morris,Neil 
245 1 4 |a Hurricanes & tornadoes   |c Neil Morris 
260 |a UK :   |b Snapping-turtle guides ,   |c 2003 
500 |a Children ages 10-12 years old (pink) 
650 0 |a UFOs 
999 |a 0000990348   |b Book   |c Children Collection   |e Perbadanan Perpustakaan Awam Johor 
999 |a 0000990349   |b Book   |c Children Collection   |e Cawangan Pontian 
999 |a 0000990350   |b Book   |c Children Collection   |e Cawangan Segamat